000 00858cam6a220028900 4500
001 lce00767204
008 720824s1973 nyua b 001 0 eng
010 _a 72008003
020 _a0471983810
035 _a(Sirsi) r97400
035 _a(DLC) 72008003
035 _a(UPRA)lce00767204
040 _dUPRA
050 0 _aQP531
_b.Z55
082 _a596/.01/8
100 1 _aZipkin, Isadore.
_6A55996.1
245 1 0 _aBiological mineralization /
_cedited by Isadore Zipkin.
260 _aNew York :
_bWiley,
_c[1973]
500 _a"A Wiley-Interscience publication."
504 _aIncludes bibliographical references.
650 0 _aMinerals in the body.
_6S43508.1
650 0 _aBiomineralization.
_6S10864.1
650 0 _aBone.
_6S10862.1
650 0 _aTeeth.
_6S18284.1
949 _aQP531
_wLC
_i-138307
_mMEDICAL
_tBOOK
_lON-SHELF
004 97400
999 _c53053
_d53053